000 00371nam a2200121 4500
999 _c13482
_d13482
008 190327b ||||| |||| 00| 0 eng d
100 _937716
_aCahiles-Magkilat, Bernie
245 _aForeign investors buck new tax reform/
_cBernie Cahiles-Magkilat
260 _aPhilippines
_bManila Bulletin
_cc2018
300 _apage B1.
650 0 _937717
_aTaxation.
942 _2ddc
_cPER